• 首页
  • 本馆介绍
  • 公告通知
  • 最新文献
  • 馆藏检索
  • 电子资源
  • 读者导购
  • 参考咨询
  • 我的图书馆
  • 登录
  • 详细信息显示
  • 放入我的书架
  • 预约/预借图书
  • 作者相关作品
  • 分类相关作品
  • 丛书相关作品
  • 出版社相关作品

书目信息

  • 表格格式
  • 工作单格式
  • 卡片格式
题名:
爱因斯坦文集
    
 
作者: 爱因斯坦 著 ;范岱年 编译
分册: 第二卷  
出版信息: 北京   商务印书馆  1977
页数: 584页
开本: 20cm
丛书名:
单 册:
中图分类: N52 , I712.11
科图分类:
主题词: 自然哲学--文集 , 自然哲学 , 文学
电子资源:
ISBN:
000 00881nam0 2200289 450
001 1537376050
005 20150129102317.96
010    @b精装@dCNY2.20
091    @a2017.184
100    @a19951012d1977 kemy0chiy0110 ea
101 1  @achi@cger
102    @aCN@b110000
105    @ay z 000yy
200 1  @a爱因斯坦文集@9ai yin si tan wen ji@h第二卷@f(德)爱因斯坦著@g范岱年等编译
210    @a北京@c商务印书馆@d1977
215    @a584页@d20cm
600  1 @a爱因斯坦@c(Einstein, Albert@f1879~1955)@x文集
600  1 @2CT@3S000586@a爱因斯坦@c(Einstein, Albert@f1879~1955)
606 0  @a自然哲学@x文集
606 0  @a自然哲学
606 0  @a文学
690    @aN52@v5
690    @aI712.11@v4
701  1 @c(美)@a爱因斯坦@9ai yin si tan@c(Einstein, Albert@f1879~1955)@4著
702  0 @a范岱年@9fan dai nian@4编译
801  0 @aCN@bTSSF@c20150129
905    @aZUCC@dI712.11@eJY4:2
    
    爱因斯坦文集.第二卷/(德)爱因斯坦著/范岱年等编译.-北京:商务印书馆,1977
    584页;20cm
    
    
    ISBN (精装):CNY2.20
    
●
相关链接 在E读中查询图书 在五车中查询图书 在当当中查询图书 在豆瓣中查询图书


正题名:爱因斯坦文集     索取号:I712.11/JY4:2         预约/预借

序号 登录号 条形码 馆藏地/架位号 状态 备注
1 7863713   278637138   学院路分馆/ [索取号:I712.11/JY4:2] 在馆    
唐山师范学院图书馆 欢迎您!
大连网信软件有限公司© 版权所有